00640 2200229 4500001002100000005001500021035002000036007000300056008004100059020001800100082001100118084001700129100001800146245007700164250001100241260004100252500006500293650002100358856001700379990000700396990000700403INLIS00000000000004920220121104640 a0010-0122000049ta220121 0 ind  a9786028225205 a001.43 a001.43 WAH s0 aWahyudin, dkk1 a99 Percobaan sehari-hari _ :bbereksperimen dengan bahan-bahan sederhana aSeri 1 aJakarta :bArmandelta Selaras,c2009 aMengajak peserta didik untuk belajar sains lewat eksperimen. 4aPercobaan Ilmiah aKoleksi Umum a53 a54